| 000 | 00653nam a22002057a 4500 | ||
|---|---|---|---|
| 005 | 20100731152556.0 | ||
| 010 | _aENG-97545 | ||
| 020 |
_a9788128824678 _c100.00 |
||
| 035 | _aEN-81078 | ||
| 037 | _bDBAD/PUB | ||
| 082 | _aS | ||
| 100 |
_aPathak, Anshu _93551 |
||
| 245 |
_aRainbow in dewdrops / _cby Anshu Pathak |
||
| 260 |
_aNew Delhi _bDiamond Pocket Books _c2010 |
||
| 270 |
_aX-30, Okhla Industrial Area, Phase-II _bNew Delhi _e110020 |
||
| 300 |
_a248p. _c22cm (pbk) |
||
| 650 |
_aStories _9938 |
||
| 942 |
_2ddc _cEN _hS _mPAT |
||
| 999 |
_c38457 _d38457 |
||